[Event "Stay Safe Play from Home 160"]
[Site "T#646201Emanuel Laske"]
[Date "2020.05.20"]
[Round "6"]
[White "Lazieri3"]
[Black "Haxhi Baha"]
[Result "1-0"]
[WhiteElo "2105"]
[BlackElo "1937"]
[PlyCount "95"]
[EventDate "2020.05.20"]
[EventType "swiss (blitz)"]

1. e4 {[%emt 0:00:01]} e6 {[%emt 0:00:01]} 2. Nc3 {[%emt 0:00:00]} d5 {[%emt 0:00:00]} 3. Nf3 {[%emt 0:00:00]} Nf6 {[%emt 0:00:01]} 4. e5 {[%emt 0:00:01]} Nfd7 {[%emt 0:00:01]} 5. d4 {[%emt 0:00:00]} c5 {[%emt 0:00:00]} 6. Bg5 {[%emt 0:00:01]} a6 {[%emt 0:00:00]} 7. Bxd8 {[%emt 0:00:01]} Kxd8 {[%emt 0:00:02]} 8. dxc5 {[%emt 0:00:01]} Nxc5 {[%emt 0:00:01]} 9. Bd3 {[%emt 0:00:00]} Nc6 {[%emt 0:00:01]} 10. O-O {[%emt 0:00:01]} Be7 {[%emt 0:00:00]} 11. g3 {[%emt 0:00:02]} Kc7 {[%emt 0:00:01]} 12. b3 {[%emt 0:00:01]} Bd7 {[%emt 0:00:01]} 13. Na4 {[%emt 0:00:01]} b5 {[%emt 0:00:02]} 14. Nxc5 {[%emt 0:00:01]} Bxc5 {[%emt 0:00:00]} 15. c4 {[%emt 0:00:01]} bxc4 {[%emt 0:00:02]} 16. bxc4 {[%emt 0:00:00]} d4 {[%emt 0:00:00]} 17. Be4 {[%emt 0:00:02]} h6 {[%emt 0:00:01]} 18. Bxc6 {[%emt 0:00:02]} Bxc6 {[%emt 0:00:00]} 19. Nxd4 {[%emt 0:00:00]} Rad8 {[%emt 0:00:00]} 20. Nxe6+ {[%emt 0:00:06]} fxe6 {[%emt 0:00:00]} 21. Qh5 {[%emt 0:00:01]} Rd4 {[%emt 0:00:04]} 22. Rfd1 {[%emt 0:00:01]} Rhd8 {[%emt 0:00:02]} 23. Rxd4 {[%emt 0:00:01]} Rxd4 {[%emt 0:00:00]} 24. Rd1 {[%emt 0:00:00]} Be8 {[%emt 0:00:04]} 25. Qe2 {[%emt 0:00:04]} Rxd1+ {[%emt 0:00:05]} 26. Qxd1 {[%emt 0:00:00]} Bc6 {[%emt 0:00:01]} 27. Qg4 {[%emt 0:00:01]} Bd7 {[%emt 0:00:01]} 28. Qxg7 {[%emt 0:00:01]} h5 {[%emt 0:00:01]} 29. Qg5 {[%emt 0:00:02]} Bd4 {[%emt 0:00:01]} 30. Qxh5 {[%emt 0:00:01]} Kc6 {[%emt 0:00:00]} 31. h4 {[%emt 0:00:01]} Kc5 {[%emt 0:00:00]} 32. Qf7 {[%emt 0:00:01]} Bc6 {[%emt 0:00:01]} 33. Qxe6 {[%emt 0:00:01]} Be4 {[%emt 0:00:02]} 34. h5 {[%emt 0:00:02]} Bc3 {[%emt 0:00:02]} 35. h6 {[%emt 0:00:01]} Kd4 {[%emt 0:00:00]} 36. Qd6+ {[%emt 0:00:02]} Kxc4 {[%emt 0:00:01]} 37. e6 {[%emt 0:00:00]} Bf6 {[%emt 0:00:01]} 38. e7 {[%emt 0:00:01]} Bxe7 {[%emt 0:00:01]} 39. Qxe7 {[%emt 0:00:00]} Kd3 {[%emt 0:00:00]} 40. Qxe4+ {[%emt 0:00:01]} Kxe4 {[%emt 0:00:00]} 41. h7 {[%emt 0:00:00]} a5 {[%emt 0:00:00]} 42. h8=Q {[%emt 0:00:00]} a4 {[%emt 0:00:00]} 43. Qa8+ {[%emt 0:00:00]} Kd3 {[%emt 0:00:01]} 44. Qxa4 {[%emt 0:00:00]} Kc3 {[%emt 0:00:00]} 45. Qf4 {[%emt 0:00:00]} Kb2 {[%emt 0:00:01]} 46. a4 {[%emt 0:00:00]} Ka3 {[%emt 0:00:01]} 47. a5 {[%emt 0:00:00]} Kb3 {[%emt 0:00:00]} 48. a6 {[%emt 0:00:00] Haxhi Baha resigns (Lag: Av=1.18s, max=2.2s)} 1-0

[Event "Stay Safe Play from Home 160"]
[Site "T#646201Emanuel Laske"]
[Date "2020.05.20"]
[Round "6"]
[White "UHU4"]
[Black "Weltszmerc"]
[Result "0-1"]
[WhiteElo "1477"]
[BlackElo "2021"]
[Annotator "NA"]
[PlyCount "46"]
[EventDate "2020.05.20"]
[EventType "swiss (blitz)"]

1. e4 {[%emt 0:00:02]} Nf6 {[%emt 0:00:03]} 2. e5 {[%emt 0:00:01]} Nd5 {[%emt 0:00:01]} 3. Bc4 {[%emt 0:00:00]} Nb6 {[%emt 0:00:01]} 4. Bxf7+ {[%emt 0:00:01]} Kxf7 {[%emt 0:00:01]} 5. Nf3 {[%emt 0:00:00]} Kg8 {[%emt 0:00:00]} 6. d4 {[%emt 0:00:01]} e6 {[%emt 0:00:01]} 7. O-O {[%emt 0:00:02]} d5 {[%emt 0:00:01]} 8. Nc3 {[%emt 0:00:02]} c5 {[%emt 0:00:01]} 9. Be3 {[%emt 0:00:01]} cxd4 {[%emt 0:00:02]} 10. Nxd4 {[%emt 0:00:02]} Nc6 {[%emt 0:00:00]} 11. Nxc6 {[%emt 0:00:03]} bxc6 {[%emt 0:00:01]} 12. Qf3 {[%emt 0:00:02]} Ba6 {[%emt 0:00:01]} 13. Rfd1 {[%emt 0:00:02]} Nc4 {[%emt 0:00:01]} 14. Bc1 {[%emt 0:00:02]} Nxe5 {[%emt 0:00:01]} 15. Qh5 {[%emt 0:00:11]} Qf6 {[%emt 0:00:01]} 16. Bg5 {[%emt 0:00:03]} Qf7 {[%emt 0:00:01]} 17. Qh3 {[%emt 0:00:04]} Bc5 {[%emt 0:00:01]} 18. Bh4 {[%emt 0:00:05]} Rf8 {[%emt 0:00:02]} 19. Rd2 {[%emt 0:00:02]} Nc4 {[%emt 0:00:02]} 20. Rad1 {[%emt 0:00:06]} Nxb2 {[%emt 0:00:02]} 21. Rb1 {[%emt 0:00:03]} Nc4 {[%emt 0:00:02]} 22. Rbd1 {[%emt 0:00:01]} Nxd2 {[%emt 0:00:02]} 23. Rxd2 {[%emt 0:00:01]} Bb4 {[%emt 0:00:01] Tiempo (Lag: Av=0.98s, max=1.6s) .} 0-1

[Event "Stay Safe Play from Home 160"]
[Site "T#646201Emanuel Laske"]
[Date "2020.05.20"]
[Round "7"]
[White "Karthikchess"]
[Black "toosieslide"]
[Result "1-0"]
[WhiteElo "2433"]
[BlackElo "2163"]
[Annotator "TA"]
[PlyCount "53"]
[EventDate "2020.05.20"]
[EventType "swiss (blitz)"]

{[%evp 9,53,-20,-20,-21,-12,-24,-25,-29,-25,-25,-29,-31,-24,-29,-25,-29,-20,-29,0,0,0,0,0,-29,-15,-12,67,67,66,71,60,64,65,59,102,101,100,72,94,89,111,110,111,89,2434,2264]} 1. Nf3 d5 2. g3 c6 3. Bg2 Bg4 4. O-O Nd7 {[%cal Bb8d7,Bd7e5,Be5f3][%mdl 32]} 5. c4 Bxf3 6. Bxf3 {A07: Réti Opening: New York and Capablanca Systems.} Ne5 7. cxd5 {Threatens to win with Bg2.} Nxf3+ 8. exf3 {Black has an edge.} Qxd5 9. Nc3 Qd7 10. d4 Nf6 11. Be3 e6 {[#]} 12. Qb3 $146 ({Predecessor:} 12. Qe2 Be7 13. Rac1 O-O 14. Ne4 Nd5 15. Nc5 Qc7 16. Rfd1 Rad8 17. f4 g6 18. h3 {0-1 (39) Lubczynski,R (2368)-Deutsch,E (2364) playchess.com INT 2006}) 12... Bd6 13. Rad1 h5 14. Ne4 Nxe4 15. fxe4 h4 16. Kg2 hxg3 17. hxg3 e5 (17... O-O-O $11) 18. Rh1 $14 Rxh1 19. Rxh1 {Strongly threatening dxe5.} O-O-O {Threatening ...exd4.} 20. dxe5 Bxe5 21. Bxa7 Bd4 {[#]} 22. Bxd4 $1 Qxd4 23. Re1 Qd2 24. Re3 f6 25. Qe6+ Kb8 26. Rb3 {Black must now prevent Qxc6.} Qc2 $2 {[%mdl 8192] [#]} (26... Kc7 $16) 27. Qe7 $1 {[%csl LRb7,LRd8,LRg7][%mdl 64] Double Attack. Accuracy: White = 88%, Black = 65%.} 1-0

[Event "Stay Safe Play from Home 160"]
[Site "T#646201Emanuel Laske"]
[Date "2020.05.20"]
[Round "7"]
[White "Eidgenosse"]
[Black "Lazieri3"]
[Result "0-1"]
[WhiteElo "2411"]
[BlackElo "2115"]
[PlyCount "86"]
[EventDate "2020.05.20"]
[EventType "swiss (blitz)"]

1. d4 {[%emt 0:00:00]} c6 {[%emt 0:00:01]} 2. Nc3 {[%emt 0:00:00]} d5 {[%emt 0:00:00]} 3. e4 {[%emt 0:00:00]} dxe4 {[%emt 0:00:01]} 4. Nxe4 {[%emt 0:00:00]} Nd7 {[%emt 0:00:01]} 5. Ng5 {[%emt 0:00:01]} Ndf6 {[%emt 0:00:01]} 6. Bc4 {[%emt 0:00:03]} e6 {[%emt 0:00:01]} 7. c3 {[%emt 0:00:01]} Bd6 {[%emt 0:00:01]} 8. Qe2 {[%emt 0:00:01]} h6 {[%emt 0:00:01]} 9. N5f3 {[%emt 0:00:01]} Ne7 {[%emt 0:00:01]} 10. Ne5 {[%emt 0:00:00]} Ned5 {[%emt 0:00:02]} 11. Ngf3 {[%emt 0:00:01]} O-O {[%emt 0:00:01]} 12. O-O {[%emt 0:00:01]} c5 {[%emt 0:00:01]} 13. Bd2 {[%emt 0:00:02]} cxd4 {[%emt 0:00:01]} 14. cxd4 {[%emt 0:00:00]} Bd7 {[%emt 0:00:01]} 15. Rad1 {[%emt 0:00:01]} Bc6 {[%emt 0:00:01]} 16. Nxc6 {[%emt 0:00:01]} bxc6 {[%emt 0:00:01]} 17. Ne5 {[%emt 0:00:00]} c5 {[%emt 0:00:02]} 18. dxc5 {[%emt 0:00:01]} Bxc5 {[%emt 0:00:00]} 19. Bc1 {[%emt 0:00:01]} Qb6 {[%emt 0:00:03]} 20. a3 {[%emt 0:00:02]} Rad8 {[%emt 0:00:02]} 21. b4 {[%emt 0:00:02]} Bd6 {[%emt 0:00:02]} 22. Bb2 {[%emt 0:00:01]} Rc8 {[%emt 0:00:03]} 23. Bb3 {[%emt 0:00:03]} Nc3 {[%emt 0:00:03]} 24. Bxc3 {[%emt 0:00:10]} Rxc3 {[%emt 0:00:00]} 25. Bc2 {[%emt 0:00:01]} Bxe5 {[%emt 0:00:02]} 26. Qxe5 {[%emt 0:00:04]} Rxc2 {[%emt 0:00:01]} 27. Rd6 {[%emt 0:00:01]} Qc7 {[%emt 0:00:03]} 28. h3 {[%emt 0:00:01]} Rd2 {[%emt 0:00:03]} 29. Rxe6 {[%emt 0:00:04]} Qxe5 {[%emt 0:00:03]} 30. Rxe5 {[%emt 0:00:00]} Rc8 {[%emt 0:00:01]} 31. Ra5 {[%emt 0:00:00]} Rc7 {[%emt 0:00:02]} 32. a4 {[%emt 0:00:00]} Rb2 {[%emt 0:00:01]} 33. b5 {[%emt 0:00:01]} Ne4 {[%emt 0:00:01]} 34. Ra6 {[%emt 0:00:01]} Rcc2 {[%emt 0:00:01]} 35. a5 {[%emt 0:00:01]} Nxf2 {[%emt 0:00:01]} 36. Re1 {[%emt 0:00:02]} Nd3 {[%emt 0:00:03]} 37. Re3 {[%emt 0:00:02]} Rxg2+ {[%emt 0:00:01]} 38. Kh1 {[%emt 0:00:01]} Rh2+ {[%emt 0:00:01]} 39. Kg1 {[%emt 0:00:00]} Rhg2+ {[%emt 0:00:01]} 40. Kh1 {[%emt 0:00:00]} Nf4 {[%emt 0:00:04]} 41. Re1 {[%emt 0:00:02]} Rh2+ {[%emt 0:00:01]} 42. Kg1 {[%emt 0:00:00]} Rbg2+ {[%emt 0:00:00]} 43. Kf1 {[%emt 0:00:01]} Rh1# {[%emt 0:00:00] (Lag: Av=0.51s, max=1.0s)} 0-1

[Event "Stay Safe Play from Home 160"]
[Site "T#646201Emanuel Laske"]
[Date "2020.05.20"]
[Round "7"]
[White "Weltszmerc"]
[Black "Klari64"]
[Result "0-1"]
[WhiteElo "2022"]
[BlackElo "2329"]
[Annotator "NA"]
[PlyCount "92"]
[EventDate "2020.05.20"]
[EventType "swiss (blitz)"]

1. d4 {[%emt 0:00:01]} c5 {[%emt 0:00:01]} 2. c4 {[%emt 0:00:00]} cxd4 {[%emt 0:00:00]} 3. Nf3 {[%emt 0:00:00]} e5 {[%emt 0:00:01]} 4. e3 {[%emt 0:00:00]} dxe3 {[%emt 0:00:02]} 5. Bxe3 {[%emt 0:00:00]} Nf6 {[%emt 0:00:00]} 6. Nc3 {[%emt 0:00:01]} d6 {[%emt 0:00:01]} 7. Be2 {[%emt 0:00:00]} Be7 {[%emt 0:00:00]} 8. h3 {[%emt 0:00:01]} O-O {[%emt 0:00:00]} 9. O-O {[%emt 0:00:00]} Nc6 {[%emt 0:00:00]} 10. b3 {[%emt 0:00:01]} Be6 {[%emt 0:00:00]} 11. Nd5 {[%emt 0:00:01]} Rc8 {[%emt 0:00:00]} 12. Nxe7+ {[%emt 0:00:02]} Qxe7 {[%emt 0:00:00]} 13. Rc1 {[%emt 0:00:02]} Rfd8 {[%emt 0:00:01]} 14. Ng5 {[%emt 0:00:01]} d5 {[%emt 0:00:02]} 15. Nxe6 {[%emt 0:00:02]} Qxe6 {[%emt 0:00:02]} 16. cxd5 {[%emt 0:00:02]} Nxd5 {[%emt 0:00:00]} 17. Bd2 {[%emt 0:00:01]} Nf4 {[%emt 0:00:02]} 18. Bc4 {[%emt 0:00:02]} Qg6 {[%emt 0:00:01]} 19. Qg4 {[%emt 0:00:07]} Qxg4 {[%emt 0:00:01]} 20. hxg4 {[%emt 0:00:01]} Rxd2 {[%emt 0:00:00]} 21. b4 {[%emt 0:00:01]} Kf8 {[%emt 0:00:02]} 22. g3 {[%emt 0:00:04]} Ne2+ {[%emt 0:00:02]} 23. Bxe2 {[%emt 0:00:01]} Rxe2 {[%emt 0:00:00]} 24. b5 {[%emt 0:00:02]} Ne7 {[%emt 0:00:00]} 25. Rxc8+ {[%emt 0:00:01]} Nxc8 {[%emt 0:00:00]} 26. Rd1 {[%emt 0:00:01]} Ke7 {[%emt 0:00:02]} 27. a4 {[%emt 0:00:01]} Ra2 {[%emt 0:00:01]} 28. Rc1 {[%emt 0:00:02]} Nb6 {[%emt 0:00:01]} 29. Rc7+ {[%emt 0:00:02]} Ke6 {[%emt 0:00:00]} 30. Rxb7 {[%emt 0:00:00]} Rxa4 {[%emt 0:00:00]} 31. Kg2 {[%emt 0:00:01]} Rxg4 {[%emt 0:00:01]} 32. Kf3 {[%emt 0:00:01]} Rb4 {[%emt 0:00:00]} 33. Kg2 {[%emt 0:00:01]} Rxb5 {[%emt 0:00:00]} 34. Rxa7 {[%emt 0:00:01]} g6 {[%emt 0:00:01]} 35. Ra6 {[%emt 0:00:01]} h5 {[%emt 0:00:01]} 36. Kh3 {[%emt 0:00:01]} Kf5 {[%emt 0:00:00]} 37. Kh4 {[%emt 0:00:01]} Rb1 {[%emt 0:00:01]} 38. Kh3 {[%emt 0:00:01]} Kg5 {[%emt 0:00:01]} 39. Ra5 {[%emt 0:00:03]} f6 {[%emt 0:00:01]} 40. Ra6 {[%emt 0:00:01]} Nd7 {[%emt 0:00:00]} 41. Ra4 {[%emt 0:00:01]} Nf8 {[%emt 0:00:01]} 42. Ra6 {[%emt 0:00:01]} Nh7 {[%emt 0:00:01]} 43. Ra7 {[%emt 0:00:02]} Kh6 {[%emt 0:00:00]} 44. Rf7 {[%emt 0:00:01]} Ng5+ {[%emt 0:00:00]} 45. Kg2 {[%emt 0:00:02]} Nxf7 {[%emt 0:00:00]} 46. Kf3 {[%emt 0:00:00]} Kg7 {[%emt 0:00:01] Weltszmerc poddaje się (Lag: Av=0.85s, max=1.4s)} 0-1

[Event "Stay Safe Play from Home 160"]
[Site "T#646201Emanuel Laske"]
[Date "2020.05.20"]
[Round "7"]
[White "Haxhi Baha"]
[Black "UHU4"]
[Result "1-0"]
[WhiteElo "1928"]
[BlackElo "1475"]
[Annotator "NA"]
[PlyCount "47"]
[EventDate "2020.05.20"]
[EventType "swiss (blitz)"]

1. e4 {[%emt 0:00:01]} d5 {[%emt 0:00:02]} 2. exd5 {[%emt 0:00:01]} Qxd5 {[%emt 0:00:01]} 3. Nc3 {[%emt 0:00:00]} Qa5 {[%emt 0:00:01]} 4. Bc4 {[%emt 0:00:01]} c6 {[%emt 0:00:01]} 5. d3 {[%emt 0:00:00]} Nf6 {[%emt 0:00:00]} 6. Bd2 {[%emt 0:00:01]} Qc7 {[%emt 0:00:01]} 7. f4 {[%emt 0:00:01]} h5 {[%emt 0:00:01]} 8. h3 {[%emt 0:00:01]} Nbd7 {[%emt 0:00:01]} 9. Nf3 {[%emt 0:00:01]} Nb6 {[%emt 0:00:01]} 10. Bb3 {[%emt 0:00:02]} Bf5 {[%emt 0:00:03]} 11. Qe2 {[%emt 0:00:01]} e6 {[%emt 0:00:01]} 12. O-O-O {[%emt 0:00:01]} O-O-O {[%emt 0:00:01]} 13. Nh4 {[%emt 0:00:01]} g6 {[%emt 0:00:05]} 14. g4 {[%emt 0:00:01]} hxg4 {[%emt 0:00:01]} 15. Nxf5 {[%emt 0:00:01]} gxf5 {[%emt 0:00:04]} 16. hxg4 {[%emt 0:00:01]} Rxh1 {[%emt 0:00:02]} 17. Rxh1 {[%emt 0:00:00]} Nxg4 {[%emt 0:00:01]} 18. Rh7 {[%emt 0:00:02]} Nd5 {[%emt 0:00:08]} 19. a3 {[%emt 0:00:03]} Bd6 {[%emt 0:00:05]} 20. Nxd5 {[%emt 0:00:06]} cxd5 {[%emt 0:00:02]} 21. Kb1 {[%emt 0:00:01]} Rf8 {[%emt 0:00:05]} 22. Qf3 {[%emt 0:00:03]} Qb6 {[%emt 0:00:04]} 23. Ka2 {[%emt 0:00:03]} a5 {[%emt 0:00:02]} 24. a4 {[%emt 0:00:02] Tiempo ' (Lag: Av=0.81s, max=1.0s)} 1-0

[Event "Stay Safe Play from Home 160"]
[Site "T#646201Emanuel Laske"]
[Date "2020.05.20"]
[Round "7"]
[White "Trotsky"]
[Black "Mepe_Nika"]
[Result "0-1"]
[WhiteElo "1522"]
[BlackElo "2287"]
[Annotator "NA"]
[PlyCount "46"]
[EventDate "2020.05.20"]
[EventType "swiss (blitz)"]

1. d4 {[%emt 0:00:03]} d5 {[%emt 0:00:01]} 2. e3 {[%emt 0:00:01]} Nf6 {[%emt 0:00:01]} 3. c4 {[%emt 0:00:01]} c6 {[%emt 0:00:01]} 4. Nc3 {[%emt 0:00:01]} e6 {[%emt 0:00:01]} 5. c5 {[%emt 0:00:01]} Nbd7 {[%emt 0:00:01]} 6. Bd3 {[%emt 0:00:01]} e5 {[%emt 0:00:01]} 7. Qc2 {[%emt 0:00:01]} e4 {[%emt 0:00:01]} 8. Nxe4 {[%emt 0:00:01]} dxe4 {[%emt 0:00:02]} 9. Bxe4 {[%emt 0:00:01]} Nxe4 {[%emt 0:00:01]} 10. Qxe4+ {[%emt 0:00:01]} Be7 {[%emt 0:00:01]} 11. Nf3 {[%emt 0:00:01]} O-O {[%emt 0:00:01]} 12. h4 {[%emt 0:00:01]} Nf6 {[%emt 0:00:01]} 13. Qd3 {[%emt 0:00:01]} Nd5 {[%emt 0:00:01]} 14. Ng5 {[%emt 0:00:01]} f5 {[%emt 0:00:04]} 15. g4 {[%emt 0:00:05]} Bxg5 {[%emt 0:00:02]} 16. hxg5 {[%emt 0:00:01]} Qxg5 {[%emt 0:00:00]} 17. Bd2 {[%emt 0:00:01]} h6 {[%emt 0:00:02]} 18. O-O-O {[%emt 0:00:03]} fxg4 {[%emt 0:00:02]} 19. e4 {[%emt 0:00:02]} Nf4 {[%emt 0:00:01]} 20. Bxf4 {[%emt 0:00:02]} Qxf4+ {[%emt 0:00:01]} 21. Kb1 {[%emt 0:00:01]} Be6 {[%emt 0:00:01]} 22. d5 {[%emt 0:00:01]} cxd5 {[%emt 0:00:01]} 23. exd5 {[%emt 0:00:03]} Bf5 {[%emt 0:00:01] Trotsky Ñäàåòñÿ (Lag: Av=0.27s, max=0.4s)} 0-1

[Event "Stay Safe Play from Home 160"]
[Site "T#646201Emanuel Laske"]
[Date "2020.05.20"]
[Round "8"]
[White "Eidgenosse"]
[Black "Lamborghini"]
[Result "1-0"]
[WhiteElo "2382"]
[BlackElo "2257"]
[PlyCount "89"]
[EventDate "2020.05.20"]
[EventType "swiss (blitz)"]

1. Nf3 {[%emt 0:00:01]} Nf6 {[%emt 0:00:01]} 2. e3 {[%emt 0:00:00]} g6 {[%emt 0:00:00]} 3. Be2 {[%emt 0:00:01]} Bg7 {[%emt 0:00:00]} 4. O-O {[%emt 0:00:00]} O-O {[%emt 0:00:00]} 5. b3 {[%emt 0:00:00]} d6 {[%emt 0:00:00]} 6. Bb2 {[%emt 0:00:00]} Nc6 {[%emt 0:00:00]} 7. d4 {[%emt 0:00:00]} Nd7 {[%emt 0:00:01]} 8. c4 {[%emt 0:00:01]} e5 {[%emt 0:00:01]} 9. Nc3 {[%emt 0:00:01]} exd4 {[%emt 0:00:01]} 10. exd4 {[%emt 0:00:01]} Nf6 {[%emt 0:00:01]} 11. h3 {[%emt 0:00:00]} Bf5 {[%emt 0:00:01]} 12. d5 {[%emt 0:00:01]} Nb8 {[%emt 0:00:01]} 13. Nd4 {[%emt 0:00:01]} Bc8 {[%emt 0:00:02]} 14. Re1 {[%emt 0:00:00]} Nbd7 {[%emt 0:00:02]} 15. a3 {[%emt 0:00:01]} Nc5 {[%emt 0:00:01]} 16. Bf3 {[%emt 0:00:01]} a5 {[%emt 0:00:01]} 17. b4 {[%emt 0:00:01]} Na6 {[%emt 0:00:02]} 18. Qb3 {[%emt 0:00:03]} Nd7 {[%emt 0:00:01]} 19. Ncb5 {[%emt 0:00:03]} Ne5 {[%emt 0:00:01]} 20. Re2 {[%emt 0:00:05]} Bd7 {[%emt 0:00:01]} 21. Rae1 {[%emt 0:00:02]} Qf6 {[%emt 0:00:01]} 22. Be4 {[%emt 0:00:07]} axb4 {[%emt 0:00:01]} 23. axb4 {[%emt 0:00:01]} Qd8 {[%emt 0:00:03]} 24. Bb1 {[%emt 0:00:01]} Bxb5 {[%emt 0:00:03]} 25. cxb5 {[%emt 0:00:01]} Nb8 {[%emt 0:00:01]} 26. Nf3 {[%emt 0:00:03]} Nbd7 {[%emt 0:00:01]} 27. Nd4 {[%emt 0:00:03]} Nb6 {[%emt 0:00:02]} 28. Qg3 {[%emt 0:00:03]} Nbc4 {[%emt 0:00:05]} 29. Bc3 {[%emt 0:00:02]} Ra3 {[%emt 0:00:02]} 30. Nc2 {[%emt 0:00:02]} Ra8 {[%emt 0:00:04]} 31. f4 {[%emt 0:00:02]} Nd7 {[%emt 0:00:01]} 32. Bxg7 {[%emt 0:00:01]} Kxg7 {[%emt 0:00:01]} 33. Qc3+ {[%emt 0:00:00]} Nf6 {[%emt 0:00:02]} 34. Qxc4 {[%emt 0:00:01]} Qd7 {[%emt 0:00:02]} 35. Qd4 {[%emt 0:00:00]} Rfe8 {[%emt 0:00:01]} 36. Rxe8 {[%emt 0:00:01]} Rxe8 {[%emt 0:00:00]} 37. Rxe8 {[%emt 0:00:01]} Qxe8 {[%emt 0:00:00]} 38. g4 {[%emt 0:00:00]} Qe2 {[%emt 0:00:02]} 39. g5 {[%emt 0:00:00]} Kg8 {[%emt 0:00:02]} 40. Qxf6 {[%emt 0:00:01]} Qd1+ {[%emt 0:00:02]} 41. Kg2 {[%emt 0:00:00]} Qd2+ {[%emt 0:00:01]} 42. Kf3 {[%emt 0:00:01]} Qc3+ {[%emt 0:00:01]} 43. Ne3 {[%emt 0:00:00]} Qe1 {[%emt 0:00:01]} 44. Qd8+ {[%emt 0:00:01]} Kg7 {[%emt 0:00:01]} 45. Qf6+ {[%emt 0:00:00] Zeit (Lag: Av=0.20s, max=0.6s)} 1-0

[Event "Stay Safe Play from Home 160"]
[Site "T#646201Emanuel Laske"]
[Date "2020.05.20"]
[Round "8"]
[White "Klari64"]
[Black "Trotsky"]
[Result "1-0"]
[WhiteElo "2334"]
[BlackElo "1521"]
[Annotator "NA"]
[PlyCount "53"]
[EventDate "2020.05.20"]
[EventType "swiss (blitz)"]

1. e4 {[%emt 0:00:02]} c5 {[%emt 0:00:01]} 2. Nc3 {[%emt 0:00:00]} e6 {[%emt 0:00:00]} 3. g3 {[%emt 0:00:00]} d5 {[%emt 0:00:01]} 4. Bg2 {[%emt 0:00:00]} Nc6 {[%emt 0:00:01]} 5. exd5 {[%emt 0:00:01]} exd5 {[%emt 0:00:01]} 6. Nxd5 {[%emt 0:00:00]} Be6 {[%emt 0:00:01]} 7. Nf4 {[%emt 0:00:01]} h5 {[%emt 0:00:02]} 8. Nxe6 {[%emt 0:00:01]} fxe6 {[%emt 0:00:00]} 9. h4 {[%emt 0:00:01]} Qc7 {[%emt 0:00:01]} 10. Ne2 {[%emt 0:00:00]} O-O-O {[%emt 0:00:01]} 11. O-O {[%emt 0:00:00]} Bd6 {[%emt 0:00:01]} 12. d3 {[%emt 0:00:00]} Nf6 {[%emt 0:00:01]} 13. Bf4 {[%emt 0:00:01]} Ng4 {[%emt 0:00:01]} 14. Bxd6 {[%emt 0:00:01]} Qxd6 {[%emt 0:00:01]} 15. Nf4 {[%emt 0:00:01]} g5 {[%emt 0:00:01]} 16. hxg5 {[%emt 0:00:03]} h4 {[%emt 0:00:01]} 17. Qxg4 {[%emt 0:00:00]} Kb8 {[%emt 0:00:03]} 18. Qxe6 {[%emt 0:00:02]} Qc7 {[%emt 0:00:04]} 19. Nd5 {[%emt 0:00:01]} Qh7 {[%emt 0:00:03]} 20. g6 {[%emt 0:00:01]} Qh5 {[%emt 0:00:02]} 21. Nf4 {[%emt 0:00:01]} Qh6 {[%emt 0:00:04]} 22. Rfe1 {[%emt 0:00:08]} hxg3 {[%emt 0:00:03]} 23. fxg3 {[%emt 0:00:00]} Rhe8 {[%emt 0:00:08]} 24. Qxe8 {[%emt 0:00:02]} Rxe8 {[%emt 0:00:01]} 25. Rxe8+ {[%emt 0:00:00]} Kc7 {[%emt 0:00:01]} 26. g7 {[%emt 0:00:00]} Qxg7 {[%emt 0:00:01]} 27. Ne6+ {[%emt 0:00:00] Trotsky Ñäàåòñÿ (Lag: Av=0.28s, max=0.4s)} 1-0

[Event "Stay Safe Play from Home 160"]
[Site "T#646201Emanuel Laske"]
[Date "2020.05.20"]
[Round "8"]
[White "Lazieri3"]
[Black "Karthikchess"]
[Result "0-1"]
[WhiteElo "2143"]
[BlackElo "2439"]
[Annotator "TA"]
[PlyCount "90"]
[EventDate "2020.05.20"]
[EventType "swiss (blitz)"]

{[%evp 14,90,28,19,34,19,16,17,19,15,24,12,17,0,9,12,21,4,11,0,0,0,0,0,0,0,0,-2,0,0,0,0,0,0,0,0,12,0,0,0,0,-23,-32,-29,-24,-93,-93,-88,-87,-98,-100,-212,-192,-187,-29,-42,-33,-35,-33,-33,-36,-29972,-100,-106,-83,-81,-44,-206,-202,-1768,0,0,0,0,495,433,1221,1198,1031]} 1. e4 c6 2. Nc3 d5 3. d4 dxe4 4. Nxe4 Bf5 5. Ng3 Bg6 6. Nf3 Nd7 7. Bd3 Bxd3 8. Qxd3 e6 {B18: Classical Caro-Kann: 4...Bf5 sidelines.} 9. Bg5 (9. O-O {with more complications.} Ngf6 10. Re1 Qc7 11. Qe2 Bd6 12. Nf5) 9... Be7 10. Bxe7 {[#]} Qxe7 $146 {The position is equal.} ({Predecessor:} 10... Nxe7 11. O-O Qc7 12. c4 O-O 13. Rfe1 Nf6 14. Ne4 Ng4 15. Qb3 Rad8 16. Ng3 {½-½ (16) Baerwinkel,T-Frambach,K Bellheim 1994}) 11. O-O Ngf6 12. c3 O-O 13. Ne4 Nxe4 14. Qxe4 Nf6 15. Qe2 Rfd8 16. Rfe1 c5 17. dxc5 Qxc5 18. Rad1 a6 19. h3 h6 20. Qe5 Qb6 {...Rxd1 is the strong threat.} 21. b3 Qc6 22. c4 b6 23. Nd4 Qb7 24. Ne2 Rd7 25. Ng3 Rad8 {[%cal Ba8d8,Bd8d7,Bd7d2][%mdl 32]} 26. Rxd7 Rxd7 27. Nh5 Nxh5 28. Qxh5 $11 {[%mdl 4096] Endgame KQR-KQR} Rd2 29. Re2 (29. a3 $11 {keeps the balance.}) 29... Rd1+ $17 30. Kh2 Qc7+ 31. g3 {Black should prevent Rxe6!} Qc6 {[%csl Gc6][%cal Rd1h1] [#]} 32. f3 (32. Re4 $1 $17 {[%mdl 512] might work better.} Ra1 (32... Qxe4 33. Qxd1) 33. Qe5) 32... Qd6 33. Qe5 Qd3 $2 $40 {[%mdl 128] White needs to defend precisely.} ({Black should try} 33... Qxe5 $19 34. Rxe5 Rd2+ 35. Kg1 Rxa2) 34. Qe4 Qc3 35. Qa8+ Kh7 36. Qe4+ g6 37. Qe5 $2 {[%mdl 8192]} (37. Qf4 $15 Kg7 38. Kg2) 37... Qc1 $2 (37... Qxf3 {mates} 38. Rg2 Qf1 39. g4 Qh1+ 40. Kg3 Rd3+ 41. Kf2 Rd2+ {[%mdl 64] Double Attack} 42. Qe2 Rxe2+ 43. Kxe2 Qxg2+ 44. Ke3 Qxa2 45. b4 Qxc4 46. Kd2 Qxb4+ 47. Kd3 Qb5+ 48. Kc3 a5 49. g5 a4 50. Kd2 a3 51. h4 h5 52. Kc2 a2 53. Kd2 a1=Q 54. Ke3 Qe1+ {[%mdl 64] Double Attack} 55. Kf4 Qf5#) 38. g4 Rh1+ 39. Kg3 Qg1+ 40. Kf4 $2 (40. Rg2 $15 Qd1 41. Qe3) 40... Rxh3 $19 {( -> ...Qg3+)} 41. Qf6 $2 {[#]} (41. Qe3 Qd1 42. Ke5) 41... Qg3+ $2 (41... e5+ $1 $19 {[%mdl 512]} 42. Kxe5 (42. Rxe5 Qd4+) 42... Qa1+ 43. Kd6 Qxf6+ 44. Kc7 Rxf3) 42. Ke4 $1 $11 Qc7 {Threatens to win with ...b5.} 43. Rd2 {Black must now prevent Rd8.} Qb7+ $2 {[%mdl 8192]} (43... Rh1 $11) 44. Ke3 $18 Qc7 (44... b5 $142 45. Rd8 Qb6+ 46. c5 Qxc5+ 47. Kd3 Rxf3+ 48. Qxf3 Qe7) 45. Rd8 Qxd8 {[%mdl 32768] Accuracy: White = 67%, Black = 72%. . Loss on time!?} 0-1